XI Roku 2019 wg. Tygodnika "Piłka Nożna" (spoza Europy) - Statystyki

Ogólne statystyki
  • Ten quiz został rozwiązany 170 razy
  • Średni wynik to 10 z 11
Statystyki odpowiedzi
Pozycja Kraj Klub Zawodnik % Poprawnych
N Egipt Liverpool Mohamed Salah
99%
BR Brazylia Liverpool Alisson
98%
LP Senegal Liverpool Sadio Mane
98%
N Argentyna Barcelona Lionel Messi
97%
PO Maroko Dortmund Achraf Hakimi
96%
ŚO Brazylia PSG Thiago Silva
85%
ŚO Kamerun Liverpool Joel Matip
82%
LO Brazylia Juventus Alex Sandro
80%
ŚP Brazylia Liverpool Fabinho
75%
PP Maroko Ajax Hakim Ziyech
73%
ŚP Ghana Atletico Thomas Partey
66%
Nie znaleziono quizów pasujących do podanych kryteriów
Rozkład punktacji
Procent ludzi z każdym wynikiem
Percentyl według liczby udzielonych odpowiedzi
Twoja historia wyników
Nie rozwiązałeś tego quizu